• 首页
  • 本馆介绍
  • 公告通知
  • 最新文献
  • 馆藏检索
  • 电子资源
  • 读者导购
  • 参考咨询
  • 我的图书馆
  • 登录
  • 详细信息显示
  • 放入我的书架
  • 预约/预借图书
  • 作者相关作品
  • 分类相关作品
  • 丛书相关作品
  • 出版社相关作品

书目信息

  • 表格格式
  • 工作单格式
  • 卡片格式
题名:
巴比伦
    
 
作者: 克里瓦切克 著 ;陈沅 译
分册:  
出版信息: 北京   社会科学文献出版社·甲骨文工作室  2020
页数: 385页
开本: 21cm
丛书名:
单 册:
中图分类: K124.3
科图分类:
主题词: 巴比伦--Ba Bi Lun--历史
电子资源:
ISBN: 978-7-5201-5044-6
000 01214nam0 2200265 450
001 012024000121
005 20241025221049.0
010    @a978-7-5201-5044-6@b精装@dCNY69.00
100    @a20241025d2020 em y0chiy50 ea
101 1  @achi@ceng
102    @aCN@b110000
105    @aab z 001yy
106    @ar
200 1  @a巴比伦@ABa Bi Lun@e美索不达米亚和文明的诞生@d= Babylon@emesopotamia and the birth of civilization@f(英) 保罗·克里瓦切克 (Paul Kriwaczek) 著@g陈沅译@zeng
210    @a北京@c社会科学文献出版社·甲骨文工作室@d2020
215    @a385页@c图, 照片, 地图@d21cm
330    @a本书将文明发源的故事如天方夜谭一般讲述出来,和教科书上的刻板陈述形成鲜明对比,内容包括:天赋王权:城市变革、吉尔伽美什之城:神庙法则、大洪水:历史的休止、伟人与君王:城邦、统治四方:青铜英雄时代等。
510 1  @aBabylon@emesopotamia and the birth of civilization@zeng
517 1  @a美索不达米亚和文明的诞生@AMei Suo Bu Da Mi Ya He Wen Ming De Dan Sheng
606 0  @a巴比伦@ABa Bi Lun@x历史
690    @aK124.3@v5
701  1 @a克里瓦切克@AKe Li Wa Qie Ke@g(Kriwaczek, Paul)@4著
702  0 @a陈沅@AChen Yuan@4译
801  0 @aCN@bAHXH@c20241025
905    @b214157936@b214157927@b214157918@b214157909@b214157892@f5@dK124.3@e369
    
    巴比伦:美索不达米亚和文明的诞生= Babylon:mesopotamia and the birth of civilization/(英) 保罗·克里瓦切克 (Paul Kriwaczek) 著/陈沅译.-北京:社会科学文献出版社·甲骨文工作室,2020
    385页:图, 照片, 地图;21cm
    
    
    ISBN 978-7-5201-5044-6(精装):CNY69.00
    本书将文明发源的故事如天方夜谭一般讲述出来,和教科书上的刻板陈述形成鲜明对比,内容包括:天赋王权:城市变革、吉尔伽美什之城:神庙法则、大洪水:历史的休止、伟人与君王:城邦、统治四方:青铜英雄时代等。
●
相关链接 在E读中查询图书 在五车中查询图书 在当当中查询图书 在豆瓣中查询图书


正题名:巴比伦     索取号:K124.3/369         预约/预借

序号 登录号 条形码 馆藏地/架位号 状态 备注
1 1415789   214157892   第二样本阅览室/ [索取号:K124.3/369] 在馆    
2 1415790   214157909   第二借阅区/ [索取号:K124.3/369] 在馆    
3 1415791   214157918   第二借阅区/ [索取号:K124.3/369] 在馆    
4 1415792   214157927   第二借阅区/ [索取号:K124.3/369] 在馆    
5 1415793   214157936   第二借阅区/ [索取号:K124.3/369] 在馆    
唐山师范学院图书馆 欢迎您!
大连网信软件有限公司© 版权所有